[Event "5th Ordu Open 2019"]
[Site "Ordu"]
[Date "2019.04.29"]
[Round "1.1"]
[White "Mosadeghpour, Masoud"]
[Black "Hamidi, Amir Mohammad"]
[Result "1/2-1/2"]
[WhiteElo "2534"]
[BlackElo "2217"]
[Annotator "TA"]
[PlyCount "105"]
[EventDate "2019.04.29"]
[EventType "swiss"]
[EventCountry "TUR"]
[SourceTitle "playchess.com"]
[Source "ChessBase"]
[SourceQuality "1"]

{[%evp 15,105,22,36,0,28,26,21,-18,19,0,23,0,90,-7,66,0,56,-44,-51,-67,-63,-77,-76,-77,30,32,22,30,39,36,36,29,48,48,49,49,47,43,45,38,45,45,43,29,54,54,54,54,56,55,59,44,66,27,64,30,30,-206,-206,-277,-206,-206,-206,-206,-206,-188,-188,-188,-141,-147,-155,-155,-156,-156,-156,-152,-167,-156,-156,-379,-163,-1761,-163,-1152,0,0,-8,-8,0,0,0,-14]} 1. e4 c5 2. Nf3 d6 3. d4 cxd4 4. Nxd4 Nf6 5. Nc3 a6 6. Bg5 e6 7. Qf3 Be7 8. O-O-O Qc7 9. Bd3 {B95: Sicilian Najdorf: 6 Bg5 e6, unusual White 7th moves} (9. a3 {feels hotter.} Nbd7 10. g4 Ne5 11. Qg3 Nexg4 12. Kb1) (9. Qg3 Bd7 10. f4 h6 11. Bh4 Nc6 12. Be2 O-O-O 13. f5 Rhg8 14. Qh3 Nxd4 15. Rxd4 Kb8 16. Rhd1 Ka8 17. Bf2 Rc8 18. Kb1 d5 19. exd5 Nxd5 20. Rxd5 exd5 21. Rxd5 {½-½ (36) Kosteniuk,A (2542)-Ushenina,A (2458) Khanty-Mansiysk 2017}) 9... Nc6 (9... O-O {is interesting.} 10. Qg3 b5 11. a3 Nbd7 12. f4 Rb8) 10. Nxc6 bxc6 11. Qe2 O-O 12. f4 $146 ({Predecessor:} 12. Bxf6 Bxf6 13. f4 Bxc3 14. bxc3 Qa5 15. e5 d5 16. Bxh7+ Kxh7 17. Qh5+ Kg8 18. Rd3 Qxa2 {0-1 (18) Odasso,M-Boucqueau,D a1h8 email 2000}) 12... e5 13. f5 Rd8 (13... Rb8 $1 $11 {remains equal.}) 14. Qf3 (14. Bc4 $16) 14... Bb7 ({Black should try} 14... Rb8 $11) 15. Bc4 (15. Bxf6 $14 Bxf6 16. Bc4) 15... Rac8 ({Black should play} 15... d5 $11 16. Bxf6 dxc4 17. Bxe7 Qxe7) 16. Kb1 (16. Bb3 $14) 16... d5 $1 $15 {[%cal Rd5c4]} 17. Bxf6 Bxf6 18. exd5 cxd5 19. Bxd5 e4 (19... Bxd5 $17 20. Rxd5 Rxd5 21. Qxd5 e4 $1 {[%mdl 512]} 22. Qxe4 Bxc3 23. bxc3 Rb8+ 24. Kc1 Qxc3) 20. Bxe4 $11 Rxd1+ 21. Nxd1 Qc4 $1 22. Bd3 $1 Bxf3 23. Bxc4 Bxd1 24. Bd3 $1 {[#]} Bxc2+ $1 {[%mdl 512]} 25. Bxc2 $14 {[%mdl 4096] Endgame KRB-KRB} Kf8 26. Bd3 a5 27. b3 Be5 28. h3 Ke7 29. Bc4 a4 30. Re1 f6 31. Be6 Rb8 32. Re4 axb3 33. axb3 (33. Bxb3 {seems wilder.} g5 34. h4 Rb5 35. Kc2 Rc5+ 36. Bc4) 33... Ra8 34. b4 Rd8 35. Rg4 g5 36. Kc2 $2 (36. Rc4 $11 {and White has nothing to worry.}) 36... Bf4 $19 37. Bc4 h5 38. Rxf4 gxf4 {KR-KB} 39. Be2 h4 $1 40. Bf3 Kd6 41. Kc3 Rc8+ 42. Kd4 Rc1 43. b5 Rb1 44. Kc4 Ke5 45. Kc5 Rc1+ $1 ({And not} 45... Kxf5 46. Bd5 $11) 46. Kb6 Kd6 $1 ({Inferior is} 46... Kxf5 47. Bc6 $11) 47. Kb7 $2 (47. Bg4 $17) 47... Rb1 (47... Kc5 $142 48. Kc7 Kxb5+ {[%mdl 64] Discovered Attack} 49. Kd6 Re1) 48. Bc6 $2 {[#]} (48. Kb6) 48... Rb2 $2 (48... f3 $1 {[%mdl 512]} 49. Bxf3 Rxb5+ {[%mdl 64] Double Attack} 50. Ka6 Rxf5) 49. Kc8 $2 {[#]} (49. Kb6) 49... Kc5 $2 (49... f3 $1 $19 {[%mdl 512] ( -> ...f2)} 50. gxf3 (50. Bxf3 Rxb5) 50... Rh2) 50. Kd7 $11 {The position is equal.} Re2 51. Kc7 {Black must now prevent b6.} Rb2 (51... Rd2 $5) 52. Kd7 {aiming for Ke6.} Re2 53. Kc7 {Accuracy: White = 39%, Black = 39%.} 1/2-1/2

[Event "5th Ordu Open 2019"]
[Site "Ordu"]
[Date "2019.04.29"]
[Round "1.2"]
[White "Dogan, Nazmi Can"]
[Black "Annaberdiev, Meilis"]
[Result "1/2-1/2"]
[WhiteElo "2214"]
[BlackElo "2525"]
[Annotator "TA"]
[PlyCount "73"]
[EventDate "2019.04.29"]
[EventType "swiss"]
[EventCountry "TUR"]
[SourceTitle "playchess.com"]
[Source "ChessBase"]
[SourceQuality "1"]

{[%evp 14,73,46,45,71,70,69,70,74,63,85,81,81,86,75,85,67,72,83,87,112,115,176,66,65,0,126,122,122,126,118,118,118,118,117,125,128,113,106,110,103,121,124,121,144,137,147,139,184,135,221,104,145,127,122,122,120,92,139,60,62,0]} 1. d4 Nf6 2. Nf3 e6 3. c4 d5 4. g3 a6 ({Predecessor:} 4... dxc4 5. Bg2 {1-0 (59) Reschke,S (2373)-Luther,T (2552) Germany 2009}) 5. Bg2 dxc4 6. O-O Nc6 7. e3 Rb8 8. Nfd2 e5 {E04: Open Catalan: 5 Nf3} 9. Bxc6+ $1 bxc6 10. dxe5 Ng4 11. Nxc4 Qxd1 $146 (11... Be6 12. Nbd2 h5 13. f3 Rb4 14. fxg4 Bxc4 15. Nxc4 Qxd1 16. Rxd1 Rxc4 {1-0 (40) Ding,L (2777)-Mamedyarov,S (2799) Huaian 2017}) 12. Rxd1 Be6 13. Nbd2 Rd8 {White must now prevent ...Bxc4.} 14. b3 $1 Bxc4 15. bxc4 Bb4 16. Rb1 Bc3 17. Rb3 $36 {[%mdl 2048] White is really pushing.} Ba5 (17... Bxe5 $16 {was worth a try.} 18. f4 Bf6) 18. Ra3 (18. f4 $18) 18... Bb4 $14 19. Rb3 ({White should play} 19. Ra4 $14 a5 20. Kf1) 19... c5 {[#]} (19... Ba5 $1 $11 {keeps the balance.}) 20. a3 $1 $16 {[%cal Ra3b4]} Ba5 21. f4 Ke7 22. h3 Nh6 23. Kf2 Rd7 24. Ke2 Rhd8 25. g4 f6 26. exf6+ gxf6 27. Rb2 Nf7 28. Rc2 h5 29. Rg1 {Hoping for Ne4.} hxg4 30. hxg4 Rh8 31. Rg2 Rh1 {[#]} (31... Bxd2 $16 {keeps fighting.} 32. Rxd2 (32. Bxd2 Rh3 $14) 32... Rd6) 32. Nb3 (32. Ne4 $1 $18 {is the precise move to win.}) 32... Rdd1 33. Nxa5 Rxc1 34. Rxc1 Rxc1 35. Kf3 Rc3 36. g5 ({Better is} 36. a4 $16) 36... fxg5 $14 37. Ke4 {Accuracy: White = 58%, Black = 56%.} (37. fxg5 $14 Ne5+ 38. Kf4 Nxc4 39. g6) 1/2-1/2

[Event "5th Ordu Open 2019"]
[Site "Ordu"]
[Date "2019.04.29"]
[Round "1.3"]
[White "Klekowski, Maciej"]
[Black "Gunduz, Umut Erdem"]
[Result "0-1"]
[WhiteElo "2506"]
[BlackElo "2216"]
[Annotator "TA"]
[PlyCount "76"]
[EventDate "2019.04.29"]
[EventType "swiss"]
[EventCountry "TUR"]
[SourceTitle "playchess.com"]
[Source "ChessBase"]
[SourceQuality "1"]

{[%evp 9,88,-7,28,0,26,16,27,29,40,40,40,38,39,11,34,0,0,0,45,25,23,-85,-85,-83,-91,-263,-265,-279,-278,-261,-257,-285,-281,-323,-311,-382,-285,-278,-278,-341,-284,-335,-327,-489,-470,-657,-663,-649,-568,-634,-626,-849,-743,-960,-924,-1004,-998,-984,-964,-947,-946,-1062,-1060,-1168,-1054,-1484,-1428,-1246,-1445,-1479,-1484,-1445,-1370,-6503,-6499,-6104,-6029,-5377,-5281,-2013,-1672]} 1. c4 c5 2. Nc3 Nc6 3. g3 g6 4. Bg2 Bg7 5. b3 Nh6 (5... e6 6. Ba3 d6 7. e3 Nge7 8. Nge2 O-O 9. O-O Qa5 10. Bb2 d5 11. cxd5 exd5 12. Nf4 Rd8 13. Qc1 d4 {½-½ (33) Ding,L (2813)-Vidit,S (2695) Wijk aan Zee 2019}) 6. h4 $146 {A36: Symmetrical English vs ...g6: 4 Bg2 Bg7} ({Predecessor:} 6. Bb2 Nf5 7. e3 O-O 8. Nge2 b6 9. O-O Bb7 10. d3 d6 11. Qd2 Qd7 12. Nd5 e5 13. Bh3 {1-0 (54) Cvetkovic,S (2306)-Stefanov,E (2215) Paracin 2016}) 6... d6 7. Bb2 Bg4 8. d3 {White has an edge.} Qa5 9. Qd2 Nf5 10. e3 h5 11. Na4 {Bxc6+ is the strong threat.} Nb4 {( -> ...Nxd3+)} 12. Bc3 Bxc3 13. Nxc3 Nd4 (13... d5 $5 14. Bxd5 O-O-O $14) 14. Rc1 Ndc6 15. Nf3 {[#]} (15. Bxc6+ $11 {keeps the balance.} bxc6 16. Kf1) 15... Bxf3 $1 $17 16. Bxf3 Ne5 $36 {[%mdl 2112] Double Attack. White is under strong pressure.} 17. Be2 $2 {[#]} (17. Ke2 $17) 17... Nbxd3+ $1 $19 {[%mdl 576] Double Attack} 18. Kf1 (18. Bxd3 Nf3+) 18... Nxc1 19. Qxc1 O-O-O 20. f4 Ng4 21. Bf3 e6 22. Kg2 a6 23. Rd1 f5 24. a3 Qc7 25. Qd2 Kb8 26. Rb1 {[#]} (26. Re1 {is a better defense.}) 26... d5 $1 {Black is clearly winning.} 27. b4 (27. cxd5 exd5) 27... dxc4 28. Qc1 Rd7 29. Na4 cxb4 30. Rxb4 Qd6 31. Kh3 Nf2+ 32. Kg2 Nd3 33. Qc3 Nxb4 34. Qxh8+ Rd8 35. Qg7 Nd5 36. Kh3 b5 37. Nc3 Qc7 38. Qd4 {[#]} Nxc3 {Played: Nd5xf4} 0-1

[Event "5th Ordu Open 2019"]
[Site "Ordu"]
[Date "2019.04.29"]
[Round "1.4"]
[White "Alinasab, Mobina"]
[Black "Neverov, Valeriy"]
[Result "1/2-1/2"]
[WhiteElo "2215"]
[BlackElo "2495"]
[Annotator "TA"]
[PlyCount "72"]
[EventDate "2019.04.29"]
[EventType "swiss"]
[EventCountry "TUR"]
[SourceTitle "playchess.com"]
[Source "ChessBase"]
[SourceQuality "1"]

{[%evp 13,72,25,26,22,24,17,27,20,25,16,16,18,66,65,46,59,79,89,108,93,119,117,127,124,113,112,130,86,73,77,196,192,258,151,190,128,122,68,69,50,52,0,93,0,75,62,56,0,0,0,0,0,0,0,0,0,0,0,0,0,0]} 1. e4 c5 2. Nf3 d6 3. d4 cxd4 4. Nxd4 Nf6 5. Nc3 Nc6 6. Bg5 e6 7. Qd2 a6 8. Nxc6 {B66: Sicilian: Richter-Rauzer: 7...a6 8 0-0-0 h6} (8. O-O-O Bd7 9. f3 Nxd4 10. Qxd4 h6 11. Bh4 Rc8 12. Kb1 Be7 13. g4 b5 14. Bg3 e5 15. Qe3 Qc7 16. Bd3 Be6 17. h4 Qa5 18. g5 {1-0 (60) Robson,R (2667)-Caruana,F (2828) chess.com INT 2019}) 8... bxc6 9. O-O-O h6 10. Bh4 {White has an edge.} Be7 11. Bxf6 gxf6 12. Bc4 Rb8 13. f4 Qb6 $146 {[%csl Gb8][%cal Rb6b2]} ({Predecessor:} 13... Qa5 14. Bb3 f5 15. Rhe1 Rg8 16. exf5 Qxf5 {½-½ (36) Mesko,J (2333)-Vrbica,L (2304) ICCF email 2010}) 14. Bb3 $1 Bd7 15. Rhe1 c5 {And now ...c4! would win.} 16. Qe2 Bb5 17. Nxb5 axb5 18. c4 $1 b4 19. Ba4+ Kf8 20. Kb1 Ra8 21. b3 Rg8 (21... Kg7 $16) 22. Rd3 $18 Rg6 (22... Rxa4 $142 23. bxa4 Qa5) 23. Rh3 (23. f5 $18 Rg5 24. h4) 23... Kg7 24. Qh5 (24. f5 $18 Rg5 25. fxe6) 24... Rh8 $16 {[#]} 25. Qf3 (25. Be8 $1 $16 {[%cal Re8f7][%mdl 512]} Rxe8 26. f5) 25... Qb7 $14 26. Rh5 Kf8 27. Qh3 ({White should try} 27. f5 $14 exf5 28. Rxf5) 27... Rhg8 (27... f5 $1 $11) 28. g3 (28. Rxh6 $16 Rxh6 29. Qxh6+ Rg7 30. Qh8+ Rg8 31. Qh3) 28... Rh8 (28... f5 $1 $11 {remains equal.}) 29. Qf1 Kg7 30. Qh3 (30. Qd3 $14) 30... f5 {The position is equal.} 31. exf5 Qf3 {Hoping for ...Bf6.} 32. fxg6 Qd3+ {[%mdl 64] Double Attack} 33. Kc1 {g4 is the strong threat.} Qc3+ {[%mdl 64] Double Attack} 34. Kd1 Qd3+ {[%mdl 64] Double Attack} 35. Kc1 Qc3+ {[%mdl 64] Double Attack} 36. Kd1 Qd3+ {[%mdl 64] Double Attack. Accuracy: White = 58%, Black = 40%.} 1/2-1/2

[Event "5th Ordu Open 2019"]
[Site "Ordu"]
[Date "2019.04.29"]
[Round "1.5"]
[White "Haznedaroglu, Kivanc"]
[Black "Zahedifar, Anahita"]
[Result "1-0"]
[WhiteElo "2472"]
[BlackElo "2185"]
[Annotator "TA"]
[PlyCount "89"]
[EventDate "2019.04.29"]
[EventType "swiss"]
[EventCountry "TUR"]
[SourceTitle "playchess.com"]
[Source "ChessBase"]
[SourceQuality "1"]

{[%evp 18,89,43,28,35,33,52,52,69,39,46,12,27,52,82,68,76,56,78,33,27,47,41,28,33,27,59,59,56,0,0,0,0,0,0,0,70,73,70,70,70,71,75,68,100,61,97,104,191,186,243,209,238,246,243,250,250,250,250,250,237,244,253,218,225,225,225,225,345,329,406,406,384,380]} 1. c4 c6 2. Nc3 d5 3. e3 Nf6 4. Qc2 g6 5. d4 Bf5 6. Bd3 Bxd3 7. Qxd3 dxc4 8. Qxc4 Bg7 9. Nf3 O-O 10. O-O b5 {D94: Grünfeld: 4 Nf3 Bg7 5 e3} 11. Qe2 b4 12. Na4 Nbd7 $146 {White is slightly better.} ({Predecessor:} 12... Qa5 13. Qc2 Nbd7 14. Bd2 Qb5 15. Rfc1 Rfc8 16. Qb3 a5 17. Nc5 Nxc5 18. Rxc5 {½-½ (61) Damljanovic,B (2597)-Ernst,S (2593) Obrenovac 2011}) 13. Bd2 Qa5 14. b3 Ne4 (14... Qb5 $5 {[%cal Rb5e2]} 15. Qe1 a5 $14) 15. Rac1 Nb6 16. Nxb6 axb6 17. Rxc6 Rac8 18. Qc4 Rxc6 19. Qxc6 Nxd2 20. Nxd2 Qxa2 21. Rd1 Qb2 22. Kf1 Qc3 23. Qxb6 (23. Qxc3 $1 $14 bxc3 24. Nf3) 23... e5 $1 $11 {[%cal Re5d4]} 24. d5 Qd3+ {[%mdl 64] Double Attack} 25. Ke1 $1 {Threatens to win with d6.} Qxd5 26. e4 $36 {[%mdl 2048] White has good play.} Qd4 ({Black should play} 26... Qd7 $11) 27. Qxd4 $14 exd4 {[%mdl 4096] Endgame KRB-KRN} 28. Ke2 Rc8 29. Nc4 Ra8 30. Kd3 Kf8 31. Rd2 Ke7 32. Nb6 Rb8 (32... Ra3 $16) 33. Nd5+ $18 Kd6 (33... Kf8 $142 34. f4 Rd8) 34. Ra2 $1 f5 {aiming for ...fxe4+.} 35. Ra6+ Kc5 {[#] Strongly threatening ...fxe4+.} 36. Ra5+ $1 Kd6 {[#]} 37. exf5 $1 gxf5 38. Nf4 Rc8 {intending ...Rc3+.} 39. Ne2 ({Don't play} 39. Rxf5 Rc3+ 40. Ke4 Rc2) 39... f4 40. Rb5 Rf8 41. Nxd4 Bxd4 42. Kxd4 f3 (42... Rg8 {might work better.} 43. g3 (43. Rxb4 Rxg2 44. Rb6+ Kd7 $14) 43... fxg3 44. fxg3 (44. hxg3 Rg4+ 45. Ke3 Kc6 $16) 44... Rg4+ 45. Kd3 Rg7 46. Rxb4 Kc5) 43. g3 Kc6 44. Rxb4 Re8 45. Rc4+ {Accuracy: White = 77%, Black = 42%.} 1-0

[Event "5th Ordu Open 2019"]
[Site "Ordu"]
[Date "2019.04.29"]
[Round "1.6"]
[White "Aytekin, Murat Eren"]
[Black "Barski, Radoslaw"]
[Result "0-1"]
[WhiteElo "2134"]
[BlackElo "2471"]
[Annotator "TA"]
[PlyCount "76"]
[EventDate "2019.04.29"]
[EventType "swiss"]
[EventCountry "TUR"]
[SourceTitle "playchess.com"]
[Source "ChessBase"]
[SourceQuality "1"]

{[%evp 29,76,10,13,0,0,-61,-36,-301,-315,-316,-369,-370,-364,-362,-328,-358,-348,-342,-344,-362,-366,-343,-355,-337,-325,-340,-319,-337,-286,-301,-302,-304,-304,-304,-235,-303,-303,-389,-320,-417,-408,-537,-529,-597,-471,-660,-623,-29975,-6122]} 1. d4 d5 2. c4 e6 3. Nc3 Bb4 4. Nf3 dxc4 5. e3 b5 6. a4 c6 7. Bd2 a5 8. axb5 Bxc3 9. Bxc3 cxb5 10. b3 Bb7 11. bxc4 b4 12. Bb2 Nf6 13. Bd3 O-O 14. O-O Nbd7 15. Nd2 Qc7 16. f4 {D31: Queen's Gambit Declined: Semi-Slav without ...Nf6 (+ Marshall Gambit and Noteboom) and Exchange Variation lines without ...Nf6} Rfd8 (16... a4 17. Rb1 Rfd8 18. Qe2 b3 19. Ba1 Nf8 20. e4 N6d7 21. Kh1 Re8 22. Qg4 Ng6 23. Qg3 Rad8 {½-½ (47) Andreikin,D (2737)-Tomashevsky,E (2716) Tbilisi 2015}) 17. Qc2 $146 {[#]} (17. Qe2 $11) ({Predecessor:} 17. Qe2 a4 18. e4 a3 19. Bc1 Nc5 20. dxc5 Qxc5+ 21. Kh1 Qd4 22. Nb3 Qxd3 {0-1 (27) Dutreuil,R (2204)-Viennot,D (2241) Gonfreville 2016}) 17... a4 $1 $15 {[%cal Ba5a4,Ba4a3][%mdl 544]} 18. e4 $2 {[%mdl 8192]} (18. Qb1 $1 $15) (18. Rxa4 b3) 18... a3 $19 19. Bc1 {[#]} Nc5 $1 {[%mdl 512]} 20. dxc5 Qxc5+ 21. Kh1 Qd4 $1 {[%csl LRa1,LRd3][%mdl 64] Double Attack} 22. Nb3 Qxd3 23. Qxd3 Rxd3 24. Nc5 Bxe4 25. Nxd3 Bxd3 26. Rd1 Bxc4 27. Rd4 Rc8 28. Bd2 b3 {Threatens to win with ...b2.} 29. Rxc4 Rxc4 30. Rxa3 {[%mdl 4096] Endgame [#] White threatens Ra8+ and mate. KRB-KRN} g5 $1 {White must now prevent ...b2.} 31. Rxb3 (31. fxg5 b2) 31... gxf4 32. Bc3 h5 33. h3 Nd5 34. Rb8+ Kh7 35. Be5 f6 36. Bd6 Rc1+ 37. Kh2 e5 38. Rd8 Ne3 {Accuracy: White = 26%, Black = 94%.} 0-1

[Event "5th Ordu Open 2019"]
[Site "Ordu"]
[Date "2019.04.29"]
[Round "1.7"]
[White "Mazur, Stefan"]
[Black "Ozsakallioglu, Okan"]
[Result "1/2-1/2"]
[WhiteElo "2435"]
[BlackElo "2125"]
[Annotator "TA"]
[PlyCount "102"]
[EventDate "2019.04.29"]
[EventType "swiss"]
[EventCountry "TUR"]
[SourceTitle "playchess.com"]
[Source "ChessBase"]
[SourceQuality "1"]

{[%evp 14,102,46,50,59,47,51,38,39,37,45,47,59,74,57,42,73,64,117,85,108,117,154,101,96,92,192,122,129,113,102,50,51,55,52,53,74,48,31,-8,-7,-16,-24,-43,-40,-40,-45,-62,-18,-28,-27,-48,-36,-47,-11,-11,0,-7,-6,-32,-43,-92,-90,-118,-118,-118,-118,-227,-118,-118,-118,-118,-118,-118,-118,-227,-118,-148,-152,-113,-4,-113,0,0,0,0,0,0,0,0,0]} 1. e4 c5 2. Nf3 d6 3. d4 cxd4 4. Nxd4 Nf6 5. Nc3 g6 6. Be3 Bg7 7. f3 a6 8. Qd2 h5 {B75: Sicilian Dragon: Yugoslav Attack, Miscellaneous} (8... Nbd7 9. a4 Ne5 10. Be2 Bd7 11. a5 Rc8 12. g4 Nc4 13. Bxc4 Rxc4 14. g5 Nh5 15. Nd5 O-O 16. Nb6 Rc7 {0-1 (67) Bacrot,E (2725)-Adhiban,B (2655) Riadh 2017}) 9. Bc4 Nbd7 {[%cal Bb8d7,Bd7e5,Be5g4][%mdl 32]} 10. O-O O-O {White is slightly better.} 11. Kh1 Ne5 12. Bb3 Bd7 $146 ({Predecessor:} 12... Qc7 13. Qe2 b5 14. h3 Bb7 15. Bf2 Rac8 16. f4 {½-½ (42) Winkelman,A (2210)-Danaci,E (1902) Paracin 2018}) 13. f4 Neg4 14. Bg1 $36 {[%mdl 2048] Black is under pressure.} e5 15. Nf3 exf4 (15... Be6 $14) 16. Qxf4 Qe7 17. Rad1 Ne5 18. Nxe5 (18. Bf2 $142 $1) 18... dxe5 $16 19. Qg5 Bg4 (19... Be6 $16 {keeps fighting.}) 20. Rd3 (20. Qxg6 $1 $18 Bxd1 21. Rxd1) 20... Be6 21. Qxe5 {Threatens to win with Bc5.} Ng4 22. Qc5 (22. Qf4 $16) 22... Qxc5 $1 $14 23. Bxc5 {Black must now prevent Bxe6.} Rfc8 24. Bd4 Ne5 25. Bxe5 Bxe5 26. Bxe6 fxe6 27. Rd7 b5 28. Re7 Re8 {[%mdl 1024] Black has compensation.} 29. Rd7 Rac8 30. a3 Rc4 (30... Rf8 {looks sharper.} 31. Rfd1 Rf7 32. Rd8+ Rxd8 33. Rxd8+ Kg7) 31. g3 Rf8 32. Rxf8+ Kxf8 33. Rd3 Bxc3 34. Rxc3 Rxe4 $15 {[%mdl 4096] Endgame KR-KR} 35. Kg2 Re2+ 36. Kh3 Ke7 37. Rc6 g5 $1 38. g4 {[#]} h4 $1 39. b3 Kf6 40. Rc5 (40. a4 $17 {was worth a try.}) 40... Rd2 ({Black should try} 40... Re5 $19 41. Rc3 Re2) 41. a4 b4 42. a5 Re2 43. Rc6 Ke5 44. Rc4 (44. Rxa6 $17 {was the only chance.} Rxc2 45. Rb6) 44... Rd2 (44... Re4 $19 45. Rc8 Re3+ 46. Kg2 Re2+ 47. Kh3 Ke4) 45. Rxb4 Rxc2 46. Rb6 Rc3+ 47. Kg2 {[#]} h3+ (47... Kf4 $1 $17 48. h3 Rc2+ 49. Kf1 Rb2 50. Rxe6 Rxb3) 48. Kf2 $11 {The position is equal.} Kf4 {...Rc2+ is the strong threat.} 49. Rb4+ $1 Ke5 50. Rb6 Kf4 {Hoping for ...Rc2+.} 51. Rb4+ $1 Ke5 {Accuracy: White = 55%, Black = 57%.} 1/2-1/2

[Event "5th Ordu Open 2019"]
[Site "Ordu"]
[Date "2019.04.29"]
[Round "1.8"]
[White "Rzayev, Askar Aliakbar"]
[Black "Sibashvili, Giorgi"]
[Result "1/2-1/2"]
[WhiteElo "2085"]
[BlackElo "2398"]
[Annotator "TA"]
[PlyCount "138"]
[EventDate "2019.04.29"]
[EventType "swiss"]
[EventCountry "TUR"]
[SourceTitle "playchess.com"]
[Source "ChessBase"]
[SourceQuality "1"]

{[%evp 13,138,-6,-8,-3,0,-28,-14,-27,-8,-15,-16,-18,-16,-19,-8,-14,-10,-12,-14,-14,-12,-12,-11,-10,-10,-10,-9,-11,-8,-12,-18,-20,-6,-18,-11,-11,-10,-11,-4,-8,-12,-23,-18,-15,-17,-24,-7,-7,-6,-8,0,-8,-2,-10,0,-5,0,-40,-37,-35,-37,-37,-22,-30,-27,-33,-6,-6,-4,-8,-8,-8,-8,-8,-8,-10,-13,-13,-8,-25,-21,-21,-21,-21,-21,-21,0,0,0,0,0,0,0,0,0,0,0,0,0,0,0,0,0,0,0,0,0,0,0,0,0,0,0,0,0,0,0,0,0,0,0,0,0,0,0,0,0]} 1. d4 Nf6 2. Nf3 d5 3. c4 e6 4. cxd5 exd5 5. Bg5 h6 6. Bxf6 Qxf6 7. Nc3 c6 8. e3 {D35: Queen's Gambit Declined: Exchange Variation} (8. g3 Qd8 9. Bg2 Be7 10. Qc2 O-O 11. O-O Nd7 12. e4 dxe4 13. Nxe4 Nf6 14. Nc3 Re8 15. Rfe1 Bd6 {½-½ (67) Dragun,K (2614)-Lenderman,A (2573) chess.com INT 2017}) 8... Bd6 9. Be2 O-O 10. O-O Bf5 11. h3 Nd7 12. Bd3 Rfe8 13. Re1 $146 ({Predecessor:} 13. Bxf5 Qxf5 {0-1 (31) Braselmann,U (1640)-Hoehne,E (2085) GER email 2010}) 13... Re6 (13... Bxd3 {seems wilder.} 14. Qxd3 Re6 15. Qc2 Nb6 16. Re2 Rae8) 14. e4 dxe4 15. Nxe4 Bxe4 16. Rxe4 Rxe4 17. Bxe4 Re8 18. Bc2 Nb6 19. Qd3 {[#] Black must now prevent Qh7+.} g6 20. Bb3 Kg7 21. Rd1 Bc7 22. g3 Rd8 23. Qe4 Nd5 24. Kg2 Ne7 25. Ne5 Qf5 26. Qe2 Nd5 27. Qf3 Qxf3+ 28. Kxf3 Rd6 29. Nc4 Rf6+ 30. Kg2 Re6 31. Kf3 Rf6+ 32. Kg2 h5 33. h4 Kf8 34. Ne3 Ne7 35. Bc4 Bb6 36. Rd3 Rd6 37. Nc2 Bd8 38. a4 a6 39. Rf3 Nf5 40. Ne3 Rxd4 {Strongly threatening ...Nxe3+.} 41. Nxf5 gxf5 $11 {[%mdl 4096] Endgame KRB-KRB} 42. b3 {[#]} f4 $1 {[%mdl 512]} 43. Rd3 (43. Rxf4 Rxf4) 43... Rxd3 44. Bxd3 {KB-KB} Kg7 45. Bf5 b5 46. Bc8 bxa4 (46... fxg3 {with more complications.} 47. fxg3 c5 48. axb5 axb5 49. Kf3 b4) 47. bxa4 {The position is equal.} a5 48. Ba6 fxg3 49. fxg3 Bf6 50. Be2 Kh6 51. Bf3 c5 52. Bd5 Kg7 53. Bf3 Kg6 54. Be4+ Kg7 55. Bf3 c4 56. Bxh5 c3 {And now ...c2 would win.} 57. Bd1 Be5 58. Kf3 f5 59. Bc2 Kf6 60. g4 fxg4+ 61. Kxg4 Ke6 62. Bb3+ Kd6 63. Kf5 Bg7 64. Ke4 Kc5 65. Kd3 Kb4 66. Bc2 Ka3 67. h5 Kb2 68. Bd1 Kc1 69. Bb3 Kb2 {Accuracy: White = 77%, Black = 58%.} 1/2-1/2

[Event "5th Ordu Open 2019"]
[Site "Ordu"]
[Date "2019.04.29"]
[Round "1.9"]
[White "Mgeladze, Tamaz"]
[Black "Uzunoglu, Efe Kerem"]
[Result "1-0"]
[WhiteElo "2396"]
[BlackElo "2106"]
[Annotator "TA"]
[PlyCount "73"]
[EventDate "2019.04.29"]
[EventType "swiss"]
[EventCountry "TUR"]
[SourceTitle "playchess.com"]
[Source "ChessBase"]
[SourceQuality "1"]

{[%evp 11,73,32,32,29,26,27,39,22,19,13,28,31,135,92,120,110,167,154,154,160,161,158,170,168,172,179,173,177,280,271,273,271,255,224,223,214,227,154,154,163,157,155,234,222,251,237,388,385,385,379,370,371,354,334,397,383,462,454,477,466,476,428,385,387]} 1. c4 Nf6 2. g3 g6 3. Bg2 d5 4. cxd5 Nxd5 5. Nc3 Nb6 6. Nf3 Bg7 7. d3 {A16: English Opening: 1...Nf6 with ...d5} O-O (7... c6 8. O-O O-O 9. Qc2 Na6 10. b3 Re8 11. Bb2 e5 12. a3 Qe7 13. Rac1 h6 14. b4 Nc7 15. Rb1 Bf5 16. Ne4 Rad8 {0-1 (66) Alekseev,E (2700)-Nepomniachtchi,I (2695) Havana 2010}) 8. Be3 Nc6 9. Qd2 {White is slightly better.} e5 10. Bh6 Re8 11. h4 Bg4 (11... Bxh6 $14 12. Qxh6 f6) 12. Nh2 $146 ({Predecessor:} 12. h5 gxh5 13. Bxg7 Kxg7 14. Nh4 h6 15. Bxc6 bxc6 16. f3 {1-0 (72) Turner,R (2077)-Kotal,V (1886) Klatovy 2016}) 12... Be6 {[#]} 13. h5 $1 {[%mdl 512]} Nd4 (13... f6 $16 {keeps fighting.}) (13... gxh5 14. Nf1) 14. hxg6 hxg6 15. Bxg7 Kxg7 16. Nf3 (16. Bxb7 Rb8 $16) 16... Nxf3+ 17. Bxf3 {[#] aiming for Qh6+.} ({Worse is} 17. exf3 Rh8 $11) 17... Rh8 18. Rxh8 ({Don't play} 18. Bxb7 Rxh1+ 19. Bxh1 Rc8 $16) 18... Qxh8 19. O-O-O {Strongly threatening Rh1.} Kg8 (19... Qh6 {might work better.}) 20. Rh1 Qg7 21. Bxb7 Rb8 22. Bf3 c5 23. b3 a5 24. Qh6 Qxh6+ 25. Rxh6 Rd8 26. Rh1 Rd7 (26... Kg7 $16 {was called for.} 27. Kb2 f5) 27. Kb2 Kg7 28. Rc1 Nd5 $2 (28... f5 {is a better defense.} 29. Nb5 e4) 29. Bxd5 Bxd5 30. Nxd5 Rxd5 $18 {[%mdl 4096] Endgame KR-KR} 31. Rc4 Kf6 32. Kc2 Ke6 33. Ra4 Rd8 34. Rxa5 Kd6 35. Ra6+ Ke7 36. g4 Rh8 37. f3 {Accuracy: White = 77%, Black = 37%.} 1-0